00653nam a2200169Ia 4500008004100000020001800041041000800059082001600067100003600083245009100119250000700210260005100217300002900268650003100297999001900328952013600347210716s2008 xx 000 0 und d a9788120334687 aeng a003.54 LAUK aLaudon,Kenneth C;Laudon,Jane P. aManagement information systems: managing the digital firm.bManaging the digital firm. a10 aNew DelhibPHI Learning private limited.c2008 axxxiii,645,R.16,G.15,P.2 aInformation Theory(003.54) c189591d189591 001040708MCAaAIMITbAIMITeHigginbothams Pvt Ltdg525.00l0o003.54 LAUKpMCA09099r2025-07-21 00:00:00v393.75w2021-07-16yBK